<?xml version="1.0" encoding="UTF-8"?>
<collection xmlns="http://www.loc.gov/MARC21/slim">
 <record>
  <leader>00754pamaa2200205   4500</leader>
  <controlfield tag="001">0000017305</controlfield>
  <controlfield tag="005">20050919090000.0</controlfield>
  <datafield tag="020" ind1="0" ind2="0">
   <subfield code="a">0791424847 </subfield>
  </datafield>
  <datafield tag="082" ind1=" " ind2=" ">
   <subfield code="a">301.0922 GAL</subfield>
  </datafield>
  <datafield tag="090" ind1="0" ind2="0">
   <subfield code="a">HM22.U6 </subfield>
   <subfield code="b">GAL</subfield>
  </datafield>
  <datafield tag="100" ind1="1" ind2="0">
   <subfield code="a">GALLIHER </subfield>
  </datafield>
  <datafield tag="245" ind1="1" ind2="0">
   <subfield code="a">Marginality and dissent in twentieth-cnetury American sociology : </subfield>
   <subfield code="b">the case of Elizabeth Briant Lee and Alfred McClung Lee  </subfield>
   <subfield code="c">John F. Galliher and James M. Galliher.</subfield>
  </datafield>
  <datafield tag="260" ind1="0" ind2="0">
   <subfield code="a">New York: </subfield>
   <subfield code="b">State University of New York Press, </subfield>
   <subfield code="c">1995.</subfield>
  </datafield>
  <datafield tag="300" ind1=" " ind2=" ">
   <subfield code="a">249p.: </subfield>
   <subfield code="b">23cm.</subfield>
  </datafield>
  <datafield tag="440" ind1="0" ind2="0">
   <subfield code="a">SUNY series in deviance and social control</subfield>
  </datafield>
  <datafield tag="600" ind1="1" ind2="0">
   <subfield code="a">Lee, Elizabeth Briant</subfield>
  </datafield>
  <datafield tag="600" ind1="1" ind2="0">
   <subfield code="a">Lee, Alfred Mcclungy1906-</subfield>
  </datafield>
  <datafield tag="650" ind1="0" ind2="0">
   <subfield code="a">Sociologists -- </subfield>
   <subfield code="x">Biography -- </subfield>
   <subfield code="z">United States </subfield>
  </datafield>
  <datafield tag="650" ind1="0" ind2="0">
   <subfield code="a">Clinical sociology </subfield>
  </datafield>
  <datafield tag="700" ind1="1" ind2="1">
   <subfield code="a">GALLIHER, </subfield>
   <subfield code="h">James M. </subfield>
  </datafield>
 </record>
</collection>
